000 00898nam a2200193Ii 4500
003 JO-AjNU
008 230605s9999||||xx |||||||||||||| ||und||
040 _aJO-AjNU
_bara
_erda
_cJO-AjNU
041 _aara
050 1 4 _aHV640.5.S97. A846 2016
100 3 _aعثامنة، عبد الباسط ، م.مشارك: فواز ايوب المومني، يسرى الردايدة,
_eauthor
_956718
245 0 0 _aتصورات الاردنيين نحو تبعات اللجوء السوري
264 3 1 _aاربد: جامعة اليرموك ، مركز دراسات اللاجئين والنازحين والهجرة القسرية، 2016
300 _a93ص
336 _atext
_btxt
_2rdacontent
337 _aunmediated
_bn
_2rdamedia
338 _avolume
_bnc
_2rdacarrier
650 4 _aاللاجئون السوريون - الهجرة القسري - التكيف الاجتماعي- الأردن
_956719
999 _aA25375
_c28943
_d28943